[Event "2.Bl-West"]
[Site "Dornbirn"]
[Date "2004.01.18"]
[Round "8"]
[Board "6"]
[White "Atlas, Dimitry"]
[Black "Scheiblmaier, Robert"]
[Result "1-0"]
[WhiteElo "2281"]
[BlackElo "2142"]
[PlyCount "121"]

1.e4 e6 2.d4 d5 3.exd5 exd5 4.Nf3 Bd6 5.c4 Nf6 6.Nc3 c6 7.Bd3 dxc4 8.Bxc4 O-O
9.O-O Bg4 10.h3 Bxf3 11.Qxf3 Nbd7 12.Bb3 Nb6 13.Bg5 Be7 14.Rfe1 h6 15.Bf4 Bb4
16.a3 Ba5 17.Re5 Bxc3 18.bxc3 Nfd7 19.Bd2 Qf6 20.Qxf6 Nxf6 21.Re7 Nbd7 22.Rae1
Rae8 23.Bxf7+ Rxf7 24.Rxe8+ Nxe8 25.Rxe8+ Kh7 26.f3 Nb6 27.Kf2 Nc4 28.Bc1 Nd6
29.Re6 Rd7 30.Ke2 Kg8 31.Kd3 Kf7 32.Re5 b5 33.Rc5 Nc4 34.a4 a6 35.axb5 axb5
36.Bf4 g5 37.Be5 Re7 38.g3 Re6 39.f4 gxf4 40.Bxf4 Nb6 41.Rh5 Kg7 42.g4 Nd5
43.Be5+ Kf7 44.c4 bxc4+ 45.Kxc4 Kg6 46.Kc5 Nf6 47.Bxf6 Rxf6 48.Rf5 Re6 49.h4 Re4
50.h5+ Kg7 51.g5 hxg5 52.Rxg5+ Kf7 53.Rg6 Rh4 54.Rh6 Ke7 55.Rh7+ Ke6 56.h6 Kf6
57.Rc7 Rh5+ 58.Kc4 Ke6 59.Rxc6+ Kd7 60.Rg6 Rh1 61.Kc5

[Event "2.Bl-West"]
[Site "Dornbirn"]
[Date "2004.01.18"]
[Round "8"]
[Board "1"]
[White "Fuchs, Georg"]
[Black "Halasz, Tamas"]
[Result "0-1"]
[WhiteElo "2252"]
[BlackElo "2383"]
[PlyCount "70"]

1.e4 e5 2.Nf3 Nf6 3.d4 Nxe4 4.Bd3 d5 5.Nxe5 Nd7 6.Nf3 Bd6 7.O-O O-O 8.c4 c6
9.Re1 Ndf6 10.h3 Bf5 11.Nc3 Bb4 12.Qc2 Re8 13.Bd2 Nxd2 14.Nxd2 Bxd3 15.Qxd3 dxc4
16.Nxc4 Qc7 17.a3 Bxc3 18.bxc3 Rad8 19.Ne3 Qf4 20.Rad1 g6 21.c4 c5 22.d5 Ne4
23.Ng4 Nd6 24.Qc3 Rxe1+ 25.Rxe1 Qd4 26.Qa5 Rf8 27.Qc7 Nxc4 28.Qe7 Kg7 29.Re5 h5
30.Qf6+ Kg8 31.Nh6+ Kh7 32.Nxf7 Qa1+ 33.Kh2 Qxe5+ 34.Qxe5 Nxe5 35.Nxe5 Rd8

[Event "2.Bl-West"]
[Site "Dornbirn"]
[Date "2004.01.18"]
[Round "8"]
[Board "2"]
[White "Mittelberger, Peter"]
[Black "Kondrak, Christof"]
[Result "1-0"]
[WhiteElo "2267"]
[BlackElo "2222"]
[PlyCount "113"]

1.e4 c5 2.Nf3 Nc6 3.d4 cxd4 4.Nxd4 e5 5.Nb5 d6 6.a4 Be7 7.Bc4 a6 8.N5c3 Nf6
9.O-O O-O 10.Na3 Nd4 11.Be3 Ne6 12.f3 Nh5 13.Nd5 Bg5 14.Bb6 Qd7 15.Bf2 Qd8 16.g3
Nf6 17.Nb6 Rb8 18.a5 h5 19.b4 h4 20.Qd3 Nh5 21.Nd5 hxg3 22.hxg3 Nef4 23.gxf4
Bxf4 24.Be3 Qg5+ 25.Kf2 Qh4+ 26.Ke2 Ng3+ 27.Kd2 Nxf1+ 28.Rxf1 Be6 29.Bxf4 Bxd5
30.Bxd5 Qxf4+ 31.Qe3 Qxe3+ 32.Kxe3 b6 33.axb6 Rxb6 34.c3 Rd8 35.Nc4 Rbb8 36.Ra1
Rd7 37.Rxa6 Rbd8 38.Kd3 Kf8 39.Bc6 Rc7 40.Ne3 g6 41.Nd5 Rcc8 42.b5 Kg7 43.Ra7
Rh8 44.c4 Rh1 45.Ne3 Rch8 46.Bd5 R8h2 47.Rxf7+ Kh8 48.Ra7 Rb2 49.Ra3 Rhh2 50.c5
Rbd2+ 51.Kc3 dxc5 52.Kc4 Rhf2 53.Kxc5 Rxf3 54.Ra8+ Kg7 55.Nc4 Rc2 56.b6 Rb3
57.b7

[Event "2.Bl-West"]
[Site "Dornbirn"]
[Date "2004.01.18"]
[Round "8"]
[Board "3"]
[White "Fuerlinger, Harald"]
[Black "Eybl, Alexander"]
[Result "0-1"]
[WhiteElo "2097"]
[BlackElo "2251"]
[PlyCount "68"]

1.e4 c5 2.Nf3 b6 3.g3 Bb7 4.d3 d6 5.Bg2 g6 6.O-O Bg7 7.c3 Nf6 8.Nh4 Qc7 9.Qe2
Nc6 10.Na3 Nd7 11.f4 Rb8 12.Be3 Ba6 13.Rac1 b5 14.Rfd1 b4 15.Nb1 O-O 16.Qd2 Rfc8
17.d4 bxc3 18.bxc3 Na5 19.Na3 Nb6 20.dxc5 dxc5 21.Qf2 Nbc4 22.Nxc4 Nxc4 23.Rc2
Bb5 24.Rdc1 Ba4 25.Re2 Rb5 26.e5 Rd8 27.Nf3 Bd1 28.Bf1 Bxe2 29.Qxe2 Na3 30.c4
Rb1 31.Qe1 Nc2 32.Qc3 Rxc1 33.Bxc1 Nd4 34.Nd2 f6

[Event "2.Bl-West"]
[Site "Dornbirn"]
[Date "2004.01.18"]
[Round "8"]
[Board "4"]
[White "Astl, Peter"]
[Black "Kornthaler, Reinhard"]
[Result "1/2-1/2"]
[WhiteElo "2240"]
[BlackElo "2087"]
[PlyCount "82"]

1.Nf3 Nf6 2.d4 g6 3.Bf4 Bg7 4.e3 O-O 5.h3 d6 6.Nbd2 Nbd7 7.c3 Re8 8.Bh2 e5
9.dxe5 Nxe5 10.Be2 Qe7 11.O-O b6 12.a4 a5 13.Qc2 Bb7 14.Rfd1 Nxf3+ 15.Bxf3 Bxf3
16.Nxf3 Ne4 17.Nd4 Bh6 18.Re1 f5 19.Re2 Nf6 20.Rae1 Qe4 21.Qb3+ Qd5 22.Qxd5+
Nxd5 23.Nb5 Rac8 24.Bxd6 cxd6 25.Nxd6 Bf8 26.Nxe8 Rxe8 27.Rd1 Nf6 28.Red2 Be7
29.Rd4 Rc8 30.g3 Kf7 31.Kg2 h5 32.Kf3 Ke6 33.Ke2 Rc7 34.f3 Rc5 35.R1d3 g5 36.g4
hxg4 37.hxg4 fxg4 38.fxg4 Re5 39.Kf3 b5 40.axb5 Rxb5 41.Rd2 Rb8

[Event "2.Bl-West"]
[Site "Schwaz"]
[Date "2004.03.12"]
[Round "9"]
[Board "1"]
[White "Halasz, Tamas"]
[Black "Volke, Karsten"]
[Result "1/2-1/2"]
[WhiteElo "2383"]
[BlackElo "2467"]
[PlyCount "47"]

1.d4 Nf6 2.Nf3 e6 3.c4 b6 4.g3 Ba6 5.b3 Bb4+ 6.Bd2 Be7 7.Bg2 c6 8.Bc3 d5 9.Nbd2
O-O 10.O-O Nbd7 11.Rc1 Rc8 12.Re1 c5 13.cxd5 Nxd5 14.Bb2 b5 15.dxc5 Nxc5 16.Nd4
Bf6 17.Ne4 Nxe4 18.Bxe4 Qa5 19.Bxd5 exd5 20.a3 Rxc1 21.Qxc1 Rc8 22.Qa1 Bxd4
23.Bxd4 f6 24.b4

[Event "2.Bl-West"]
[Site "Schwaz"]
[Date "2004.03.12"]
[Round "9"]
[Board "2"]
[White "Poettinger, Harald"]
[Black "Blaskowski, Johannes"]
[Result "0-1"]
[WhiteElo "2238"]
[BlackElo "2347"]
[PlyCount "86"]

1.d4 Nf6 2.Nf3 c5 3.e3 e6 4.Bd3 d5 5.b3 Nc6 6.Bb2 Bd7 7.a3 Rc8 8.Nbd2 a6 9.O-O
Qb6 10.dxc5 Bxc5 11.Ne5 Nxe5 12.Bxe5 Bd6 13.Bb2 Qc7 14.f4 Bc6 15.Qf3 Qa5 16.b4
Qd8 17.Qg3 Rg8 18.Nf3 h6 19.Qh3 Qe7 20.Nd4 Ne4 21.f5 Bd7 22.fxe6 Bxe6 23.Nxe6
Qxe6 24.Qxe6+ fxe6 25.c4 Be7 26.Bxe4 dxe4 27.c5 Bg5 28.Kf2 Rf8+ 29.Ke2 Rxf1
30.Rxf1 Rd8 31.Rd1 Rxd1 32.Kxd1 g6 33.a4 Bxe3 34.Bc1 Bxc1 35.Kxc1 Kd7 36.b5 axb5
37.axb5 e5 38.Kd2 Ke6 39.Ke3 Kd5 40.c6 bxc6 41.b6 Kd6 42.Kxe4 c5 43.b7 Kc7

[Event "2.Bl-West"]
[Site "Schwaz"]
[Date "2004.03.12"]
[Round "9"]
[Board "3"]
[White "Grundherr, Martin"]
[Black "Bezler, Rainer"]
[Result "1/2-1/2"]
[WhiteElo "2327"]
[BlackElo "2228"]
[PlyCount "91"]

1.Nf3 Nf6 2.c4 g6 3.b4 Bg7 4.Bb2 O-O 5.e3 d6 6.d4 Nbd7 7.Qb3 Re8 8.Nbd2 e5
9.dxe5 Nxe5 10.Be2 a5 11.a3 axb4 12.axb4 Rxa1+ 13.Bxa1 Ne4 14.Nxe4 Nxf3+ 15.Bxf3
Bxa1 16.Nc3 c5 17.O-O Bxc3 18.Qxc3 cxb4 19.Qxb4 Qc7 20.Rd1 Be6 21.Qxd6 Qxd6
22.Rxd6 Rc8 23.Bxb7 Rxc4 24.h3 h5 25.Kh2 Kf8 26.Bd5 Bxd5 27.Rxd5 Rc2 28.Kg3 Kg7
29.f4 h4+ 30.Kf3 f5 31.Rd7+ Kh6 32.g4 hxg3 33.Kxg3 Rc1 34.Re7 Rg1+ 35.Kf2 Rh1
36.Kg2 Re1 37.h4 Re2+ 38.Kg3 Re1 39.h5 gxh5 40.Re6+ Kg7 41.Kh4 Kf7 42.Rh6 Rxe3
43.Kg5 Rh3 44.Kxf5 h4 45.Rh7+ Kg8 46.Rh5

[Event "2.Bl-West"]
[Site "Schwaz"]
[Date "2004.03.12"]
[Round "9"]
[Board "4"]
[White "Gattenloehner, Sebastian"]
[Black "Mittelberger, Peter"]
[Result "1-0"]
[WhiteElo "2218"]
[BlackElo "2267"]
[PlyCount "103"]

1.e4 d6 2.d4 Nf6 3.Nc3 g6 4.Be3 c6 5.h3 Nbd7 6.Nf3 Bg7 7.a4 Qc7 8.Be2 b6 9.Nd2
Bb7 10.f4 e5 11.dxe5 dxe5 12.Nc4 O-O 13.Qd6 Ne8 14.Qxc7 Nxc7 15.O-O-O Rad8
16.Nd6 Ba8 17.f5 Nf6 18.Bc4 Nfd5 19.exd5 Rxd6 20.Ne4 Nxd5 21.Nxd6 Nxe3 22.Bxf7+
Kh8 23.Rd3 Nxf5 24.Nxf5 gxf5 25.Rd7 Bh6+ 26.Kd1 Kg7 27.Bc4+ Kg6 28.Ke2 b5
29.axb5 cxb5 30.Bd5 Bxd5 31.Rxd5 Rc8 32.c3 b4 33.Rd6+ Kg5 34.h4+ Kh5 35.Rh3 Bc1
36.cxb4 Bxb2 37.b5 Bd4 38.Kd2 Rg8 39.g3 Kg4 40.Rh1 Rb8 41.Rd7 h6 42.Rf1 Rf8
43.Rg7+ Kh3 44.Rg6 Kg2 45.Ke2 Rf7 46.Rxh6 Kxg3 47.Rg6+ Kh2 48.Rg5 f4 49.Kf3 e4+
50.Kxe4 Bf6 51.Rg6 Bxh4 52.Kf3

[Event "2.Bl-West"]
[Site "Schwaz"]
[Date "2004.03.12"]
[Round "9"]
[Board "5"]
[White "Eybl, Alexander"]
[Black "Heilinger, Dietmar"]
[Result "1/2-1/2"]
[WhiteElo "2251"]
[BlackElo "2179"]
[PlyCount "51"]

1.Nf3 d5 2.g3 Nc6 3.Bg2 e5 4.d3 Nf6 5.O-O Be7 6.Nbd2 e4 7.dxe4 dxe4 8.Ng5 e3
9.fxe3 O-O 10.Nde4 Qxd1 11.Rxd1 Nxe4 12.Nxe4 Be6 13.Bd2 Rad8 14.Nf2 Ne5 15.b3 b6
16.Bc3 Ng4 17.Nxg4 Bxg4 18.Bf3 Bf5 19.e4 Bc5+ 20.Kg2 Bg6 21.b4 Be7 22.Rd3 Rde8
23.Rd5 f6 24.e5 fxe5 25.Rxe5 Bd6 26.Rxe8

[Event "2.Bl-West"]
[Site "Schwaz"]
[Date "2004.03.12"]
[Round "9"]
[Board "6"]
[White "Eiler, Gebhard"]
[Black "Neuschmied, Siegfried"]
[Result "0-1"]
[WhiteElo "2091"]
[BlackElo "2219"]
[PlyCount "100"]

1.d4 g6 2.Nf3 Bg7 3.c3 d6 4.Bg5 h6 5.Bh4 Nf6 6.Nbd2 Bf5 7.e3 c5 8.dxc5 dxc5 9.e4
Be6 10.Be2 Nc6 11.O-O O-O 12.Re1 Nh5 13.Qc2 Qc7 14.Nc4 g5 15.Bg3 Nxg3 16.hxg3
Bg4 17.Ne3 Bxf3 18.gxf3 e6 19.Kg2 Rfd8 20.Red1 Ne5 21.Nc4 Ng6 22.Ne3 h5 23.Rxd8+
Rxd8 24.Rd1 Rxd1 25.Qxd1 b6 26.Qa4 Kf8 27.Qd1 Bf6 28.Bb5 Ke7 29.a4 h4 30.Ng4 Be5
31.Nxe5 Nxe5 32.b3 Qb7 33.Qe2 Ng6 34.Qe3 Kf6 35.Be2 Qc7 36.Bb5 Qe5 37.Be2 Kg7
38.Bc4 Qf6 39.Bb5 Kf8 40.Qd2 h3+ 41.Kxh3 Qxf3 42.Qxg5 Qh1+ 43.Kg4 f5+ 44.exf5
Ne5+ 45.Kf4 Qc1+ 46.Kxe5 Qxg5 47.Kxe6 Qd2 48.Bc4 Qxf2 49.g4 Qe3+ 50.Kf6 Qh6+

[Event "2.Bl-West"]
[Site "Schwaz"]
[Date "2004.03.12"]
[Round "9"]
[Board "1"]
[White "Bezold, Michael"]
[Black "Heinzel, Olaf"]
[Result "1-0"]
[WhiteElo "2456"]
[BlackElo "2358"]
[PlyCount "87"]

1.e4 c5 2.Nf3 Nc6 3.Bb5 e6 4.Bxc6 bxc6 5.d3 d5 6.c4 Nf6 7.Qe2 Qc7 8.O-O Be7
9.Re1 a5 10.Bg5 h6 11.Bh4 dxe4 12.dxe4 e5 13.Bg3 Nd7 14.Nc3 h5 15.h3 h4 16.Bh2
Bf6 17.Rad1 Nb6 18.Qd3 Be6 19.b3 a4 20.Qd6 Qxd6 21.Rxd6 axb3 22.axb3 Ra3 23.Rxc6
Rxb3 24.Nd5 Nxc4 25.Rxc5 Nb2 26.Rb1 O-O 27.Bxe5 Bxe5 28.Ne7+ Kh7 29.Rxe5 Kh6
30.Nxh4 Rfb8 31.Nef5+ Bxf5 32.Rxf5 f6 33.Rf3 R3b4 34.Nf5+ Kh7 35.Rc1 Rxe4 36.Rc7
Rg8 37.Rg3 Kh8 38.Nxg7 Nd1 39.Kf1 Rf4 40.f3 Ne3+ 41.Kf2 Nd5 42.Rd7 Nc3 43.Rg6
Rh4 44.Nf5

[Event "2.Bl-West"]
[Site "Schwaz"]
[Date "2004.03.12"]
[Round "9"]
[Board "2"]
[White "Bayer, Bernhard"]
[Black "Grabher, Heinz"]
[Result "0-1"]
[WhiteElo "2298"]
[BlackElo "2234"]
[PlyCount "42"]

1.d4 Nf6 2.c4 e6 3.Nc3 Bb4 4.e3 c5 5.Bd3 d5 6.cxd5 Nxd5 7.Nge2 cxd4 8.exd4 Nc6
9.O-O O-O 10.Bc2 Bd6 11.Qd3 Qh4 12.g3 Qh5 13.a3 Nxc3 14.Nxc3 e5 15.Nb5 Nxd4
16.Nxd4 exd4 17.Qxd4 Bc5 18.Qf4 Bh3 19.Re1 Rfe8 20.Be3 Qd5 21.Bxh7+ Kh8

[Event "2.Bl-West"]
[Site "Schwaz"]
[Date "2004.03.12"]
[Round "9"]
[Board "3"]
[White "Atlas, Dimitry"]
[Black "Kondrak, Christof"]
[Result "1-0"]
[WhiteElo "2281"]
[BlackElo "2222"]
[PlyCount "81"]

1.e4 c5 2.c3 Nf6 3.e5 Nd5 4.g3 Nc6 5.Bg2 e6 6.Nf3 d6 7.exd6 Bxd6 8.O-O O-O 9.d4
cxd4 10.Nxd4 Be5 11.Nxc6 bxc6 12.Qe2 Bf6 13.Nd2 Qb6 14.Re1 a5 15.Nc4 Qb5 16.Ne5
Qxe2 17.Rxe2 Ba6 18.Re1 Bxe5 19.Rxe5 a4 20.a3 Bc4 21.Bf1 Bb3 22.Bd2 Rfd8 23.Be1
Rab8 24.Rc1 Nb6 25.c4 Nd7 26.Ra5 Rbc8 27.Bg2 c5 28.f4 Nb6 29.Bf1 Rc7 30.Rb5 Rb8
31.Ba5 Rc6 32.Bg2 Rd6 33.Rxc5 Nd7 34.Rc7 Nf6 35.c5 Rd3 36.c6 h5 37.Rb7 Rc8 38.c7
Bd5 39.Rb8 Kh7 40.Rxc8 Ng4 41.Rh8+

[Event "2.Bl-West"]
[Site "Schwaz"]
[Date "2004.03.12"]
[Round "9"]
[Board "4"]
[White "Angerer, Helmut"]
[Black "Burschowsky, Matthias"]
[Result "1/2-1/2"]
[WhiteElo "2178"]
[BlackElo "2186"]
[PlyCount "45"]

1.b3 Nf6 2.Bb2 e6 3.g3 d5 4.Bg2 c6 5.Nf3 Be7 6.d4 O-O 7.Nbd2 Nbd7 8.O-O b6 9.c4
Bb7 10.Re1 c5 11.e3 Rc8 12.Ne5 Rc7 13.cxd5 Nxd5 14.e4 Nxe5 15.dxe5 Nb4 16.Nc4
Rd7 17.Nd6 Ba6 18.Bf1 Bxf1 19.Rxf1 Bxd6 20.exd6 Rxd6 21.Qg4 e5 22.Bxe5 Rg6
23.Qe2

[Event "2.Bl-West"]
[Site "Schwaz"]
[Date "2004.03.12"]
[Round "9"]
[Board "5"]
[White "Tschohl, Christof"]
[Black "Fuerlinger, Harald"]
[Result "1-0"]
[WhiteElo "2141"]
[BlackElo "2097"]
[PlyCount "53"]

1.e4 e6 2.d4 d5 3.exd5 exd5 4.c4 Nf6 5.Nc3 c6 6.Nf3 Be7 7.Be2 O-O 8.O-O dxc4
9.Bxc4 Nbd7 10.Ne5 Nb6 11.Bb3 Nbd5 12.Qd3 Be6 13.Re1 Nb4 14.Qd1 Bxb3 15.Qxb3 Qc7
16.Bg5 Nbd5 17.Rac1 Rad8 18.Qc4 Nxc3 19.bxc3 Nd5 20.Bxe7 Nxe7 21.Rb1 Nd5 22.Qb3
f6 23.Nf3 b6 24.c4 Nf4 25.g3 Ng6 26.c5+ Qf7 27.cxb6

[Event "2.Bl-West"]
[Site "Schwaz"]
[Date "2004.03.12"]
[Round "9"]
[Board "6"]
[White "Kornthaler, Reinhard"]
[Black "Sandholzer, Robert"]
[Result "1-0"]
[WhiteElo "2087"]
[BlackElo "2084"]
[PlyCount "93"]

1.e4 c6 2.Nc3 d5 3.Nf3 Bg4 4.h3 Bxf3 5.Qxf3 e6 6.d4 Nf6 7.e5 Nfd7 8.Ne2 c5 9.c3
Nc6 10.a3 Qb6 11.Qd3 a5 12.Rb1 c4 13.Qd1 a4 14.Be3 Be7 15.g3 Qb5 16.Bg2 Na5
17.O-O O-O-O 18.f4 g6 19.g4 Rdg8 20.f5 gxf5 21.gxf5 Bg5 22.Bxg5 Rxg5 23.fxe6
fxe6 24.Nf4 Nf8 25.h4 Rg7 26.Kh2 Nc6 27.Bh3 Nd8 28.Nh5 Rg6 29.Nf6 Nd7 30.Nh5 Nf8
31.Qd2 Qd7 32.Rf6 Qe7 33.Rbf1 Nd7 34.R6f4 Rf8 35.Rxf8 Nxf8 36.Qf4 Nd7 37.Nf6 Rg7
38.Bg4 Rf7 39.Kh3 Rg7 40.Bd1 Rf7 41.Bxa4 Nf8 42.Qg4 Kb8 43.Rg1 Ka7 44.Qg3 Ka6
45.Ng8 Qc7 46.Be8 Rf5 47.Nh6

[Event "2.Bl-West"]
[Site "Schwaz"]
[Date "2004.03.12"]
[Round "9"]
[Board "1"]
[White "Schmittdiel, Eckhard"]
[Black "Westermeier, Arnulf"]
[Result "0-1"]
[WhiteElo "2483"]
[BlackElo "2297"]
[PlyCount "114"]

1.Nf3 Nf6 2.c4 e6 3.g3 d5 4.b3 Be7 5.Bg2 O-O 6.O-O Nbd7 7.Bb2 c6 8.d3 b5 9.Nbd2
Bb7 10.Qc2 Qb6 11.Rab1 Rac8 12.e4 Rfd8 13.e5 Ne8 14.h4 a6 15.Rfe1 Nb8 16.Nf1 c5
17.Ne3 Nc6 18.cxd5 Nb4 19.Qe2 Nxd5 20.Red1 Nxe3 21.fxe3 Nc7 22.Kh2 Bc6 23.e4 b4
24.Qe3 Nb5 25.Rd2 Rc7 26.Bf1 Nd4 27.Rf2 Nxf3+ 28.Qxf3 Bf8 29.Bc1 Bb5 30.Bg5 Ra8
31.Be2 Rd7 32.Rbf1 Qc7 33.Bf4 a5 34.h5 a4 35.Qg4 axb3 36.axb3 g6 37.hxg6 hxg6
38.Bg5 Qxe5 39.Bf6 Qh5+ 40.Qxh5 gxh5 41.Bxh5 Bxd3 42.Re1 Bg7 43.Bxg7 Kxg7 44.Rd1
Rad8 45.e5 Bg6 46.Rxd7 Rxd7 47.Bxg6 Kxg6 48.Rf6+ Kg7 49.Rf4 Rd4 50.Rxd4 cxd4
51.Kg2 Kg6 52.g4 f6 53.exf6 Kxf6 54.Kf3 Kg5 55.Ke4 e5 56.Kd3 Kxg4 57.Kc4 Kf3

[Event "2.Bl-West"]
[Site "Schwaz"]
[Date "2004.03.12"]
[Round "9"]
[Board "2"]
[White "Juergens, Klaus"]
[Black "Duer, Arne"]
[Result "0-1"]
[WhiteElo "2162"]
[BlackElo "2375"]
[PlyCount "128"]

1.Nf3 e6 2.c4 Nf6 3.g3 b6 4.Bg2 Bb7 5.O-O c5 6.Nc3 Be7 7.b3 O-O 8.Bb2 d6 9.Re1
Nbd7 10.e4 e5 11.h4 a6 12.d3 Rb8 13.Nh2 Ne8 14.Nf1 Nc7 15.Ne3 b5 16.Bc1 b4
17.Ne2 g6 18.Bh3 Kh8 19.f4 exf4 20.Bb2+ Bf6 21.Bxf6+ Qxf6 22.Nxf4 Ne5 23.Rf1 Qg7
24.Kh2 Rbe8 25.Rc1 Bc8 26.Bxc8 Rxc8 27.Rc2 Ne6 28.Rcf2 Nd4 29.g4 Qh6 30.Nfg2 f6
31.Nd5 f5 32.exf5 gxf5 33.g5 Qg7 34.Nge3 Ng6 35.Qh5 Qe5+ 36.Kh1 Rce8 37.Ng2 Ne2
38.Rf3 f4 39.Qh6 Ng3+ 40.Rxg3 fxg3 41.Nf6 Qe7 42.h5 Ne5 43.Re1 Qf7 44.g6 Nxg6
45.Rxe8 Qxf6 46.Rxf8+ Qxf8 47.Qxf8+ Nxf8 48.Nh4 Kg7 49.Kg2 Kh6 50.Nf5+ Kxh5
51.Kxg3 Ng6 52.d4 Kg5 53.Nxd6 cxd4 54.Kf3 h5 55.c5 Ne7 56.Ke4 h4 57.Kxd4 h3
58.Ne4+ Kf4 59.Nf2 h2 60.Nh1 Kf3 61.Kd3 Kg2 62.Ke2 Kxh1 63.Kf2 Nc6 64.Kf1 Ne5

[Event "2.Bl-West"]
[Site "Schwaz"]
[Date "2004.03.12"]
[Round "9"]
[Board "3"]
[White "Pilz, Dieter"]
[Black "Teufl, Siegfried"]
[Result "1/2-1/2"]
[WhiteElo "2349"]
[BlackElo "2192"]
[PlyCount "133"]

1.Nf3 Nf6 2.g3 g6 3.Bg2 Bg7 4.O-O O-O 5.c4 c5 6.Nc3 Nc6 7.d4 d6 8.h3 Na5 9.b3
Bf5 10.Bb2 Ne4 11.Nxe4 Bxe4 12.Qd2 Nc6 13.e3 Qc7 14.Rfd1 Rad8 15.d5 Bxb2 16.Qxb2
Bxf3 17.Bxf3 Ne5 18.Bg2 f5 19.f4 Nd7 20.e4 Nf6 21.exf5 gxf5 22.Re1 Rf7 23.Re3
Rg7 24.Kh2 Rf8 25.Rae1 Rff7 26.Qe2 Kf8 27.Bf3 Qa5 28.a4 Qc7 29.Re6 Qb6 30.Re3
Qb4 31.Bh5 Nxh5 32.Qxh5 Qd2+ 33.R1e2 Qd1 34.Qh6 Rf6 35.Qh5 Rff7 36.Qf3 Rg6
37.Rd3 Qb1 38.Rde3 Qd1 39.Re1 Qd4 40.Re6 Rfg7 41.Rxg6 Rxg6 42.Re2 Qd1 43.Qe3 Rg7
44.Rg2 Rg6 45.Rd2 Qc1 46.Re2 Qxe3 47.Rxe3 Kf7 48.Kg2 Rg8 49.Kf3 a6 50.a5 h5
51.Re6 b6 52.axb6 Rb8 53.g4 hxg4+ 54.hxg4 fxg4+ 55.Kxg4 Rxb6 56.Re3 a5 57.Kf5
Rb8 58.Rh3 Rf8 59.Ke4 Rg8 60.Kf5 Rg7 61.Ke4 Rg1 62.Kf5 Re1 63.Rh7+ Kg8 64.Rh3
Kg7 65.Rg3+ Kf7 66.Rh3 Rb1 67.Rc3

[Event "2.Bl-West"]
[Site "Schwaz"]
[Date "2004.03.12"]
[Round "9"]
[Board "4"]
[White "Loeffler, Christoph"]
[Black "Ferrari, Josef"]
[Result "1-0"]
[WhiteElo "2147"]
[BlackElo "2226"]
[PlyCount "81"]

1.e4 e5 2.Nc3 Nf6 3.g3 d5 4.exd5 Nxd5 5.Bg2 Nxc3 6.bxc3 Bd6 7.Ne2 O-O 8.O-O c6
9.d4 Qc7 10.f4 exd4 11.cxd4 Bg4 12.h3 Be6 13.Qd3 Na6 14.c4 Rfe8 15.a3 Qd7 16.Kh2
Bf5 17.Qd2 Qe6 18.Nc3 Qxc4 19.Bb2 Nc7 20.Rac1 Qd3 21.Qf2 h5 22.Rfe1 Qa6 23.Ne4
Bf8 24.Nc5 Qb6 25.Re5 g6 26.Rxf5 gxf5 27.Nd7 Qb5 28.Bf1 Qb3 29.Nf6+ Kg7 30.Nxe8+
Nxe8 31.d5+ Kg6 32.dxc6 Rc8 33.Bc4 Qa4 34.cxb7 Rb8 35.Bd5 Bd6 36.Bc6 Qa6 37.Qd4
Qe2+ 38.Kg1 Rd8 39.Bxe8 Bc5 40.Qxc5 Qxb2 41.Bxf7+

[Event "2.Bl-West"]
[Site "Schwaz"]
[Date "2004.03.12"]
[Round "9"]
[Board "5"]
[White "Gerhold, Michael"]
[Black "Besner, Bernhard"]
[Result "1-0"]
[WhiteElo "2223"]
[BlackElo "2167"]
[PlyCount "93"]

1.d4 d5 2.c4 e6 3.Nf3 c5 4.cxd5 exd5 5.g3 Nc6 6.Bg2 c4 7.O-O Bb4 8.b3 cxb3
9.Qxb3 Nge7 10.Ba3 Bxa3 11.Qxa3 O-O 12.Nc3 Qa5 13.Qxa5 Nxa5 14.Ne5 Rd8 15.Rfc1
Bf5 16.g4 Be6 17.h3 Rac8 18.e3 h5 19.gxh5 Bf5 20.Kh2 f6 21.Ng6 Nac6 22.Nf4 Nb4
23.a3 Nd3 24.Nxd3 Bxd3 25.Nxd5 Nc6 26.Rc3 Ba6 27.Rxc6 bxc6 28.Ne7+ Kh7 29.Nxc8
Rxc8 30.Rc1 Bb5 31.Rc5 Rb8 32.Bxc6 Be2 33.Ra5 a6 34.Kg3 Kh6 35.d5 Kxh5 36.d6+
Kg6 37.Rd5 Kf7 38.Rd4 Ke6 39.d7 Rd8 40.Re4+ Kd6 41.Re8 Kc7 42.Rxd8 Kxd8 43.Kf4
g6 44.h4 Bb5 45.Bxb5 axb5 46.Ke4 Kxd7 47.Kd5

[Event "2.Bl-West"]
[Site "Schwaz"]
[Date "2004.03.12"]
[Round "9"]
[Board "6"]
[White "Scheiblmaier, Robert"]
[Black "Gruber, Michael"]
[Result "1/2-1/2"]
[WhiteElo "2142"]
[BlackElo "2123"]
[PlyCount "29"]

1.d4 f5 2.Nf3 Nf6 3.c4 g6 4.Nc3 Bg7 5.Bf4 d6 6.e3 O-O 7.Be2 c6 8.Qb3 h6 9.h4
Nbd7 10.c5+ d5 11.Ne5 Nxe5 12.Bxe5 Ne4 13.Bxg7 Kxg7 14.f4 Qa5 15.Qa4

[Event "2.Bl-West"]
[Site "Schwaz"]
[Date "2004.03.12"]
[Round "9"]
[Board "1"]
[White "Lanka, Zigurds"]
[Black "Reich, Thomas"]
[Result "1-0"]
[WhiteElo "2467"]
[BlackElo "2408"]
[PlyCount "71"]

1.e4 c5 2.Nf3 g6 3.d4 cxd4 4.Nxd4 Bg7 5.Nc3 Nc6 6.Be3 Nf6 7.Bc4 O-O 8.Bb3 d6
9.f3 Bd7 10.h4 Rc8 11.g4 Ne5 12.h5 Rxc3 13.bxc3 Qa5 14.Bd2 Nxe4 15.hxg6 Nxd2
16.gxf7+ Kh8 17.Kxd2 Nc4+ 18.Bxc4 Bxd4 19.Ke2 Qxc3 20.Qd3 Qxd3+ 21.Bxd3 Rxf7
22.Rad1 Be5 23.g5 Kg8 24.Bc4 e6 25.Rh6 d5 26.Bd3 Bf4 27.Rb1 Bxg5 28.Rxh7 Bc6
29.Rg1 Rxh7 30.Bxh7+ Kxh7 31.Rxg5 d4 32.Kd3 Bxf3 33.Kxd4 Kh6 34.Rg3 Bd1 35.c4
Bc2 36.Ke5

[Event "2.Bl-West"]
[Site "Schwaz"]
[Date "2004.03.12"]
[Round "9"]
[Board "2"]
[White "Micheli, Carlo"]
[Black "Maiwald, Jens-Uwe"]
[Result "0-1"]
[WhiteElo "2360"]
[BlackElo "2543"]
[PlyCount "80"]

1.e4 c5 2.Nf3 e6 3.c3 d5 4.exd5 exd5 5.d4 Nc6 6.Be3 c4 7.b3 cxb3 8.axb3 Bd6
9.Bd3 h6 10.Na3 Nf6 11.O-O O-O 12.h3 Ne4 13.Nb5 Bf5 14.Nxd6 Qxd6 15.Qc1 Rfc8
16.Qb2 Re8 17.Rfe1 a6 18.Bf1 Re7 19.c4 Rae8 20.Ne5 Nxe5 21.dxe5 Qc6 22.Bd4 dxc4
23.bxc4 Nc5 24.Re3 Ne6 25.Bc3 Rd7 26.Rae1 h5 27.h4 Rc8 28.Be2 Bg6 29.Rc1 Be4
30.Bf1 b6 31.Ra1 Rcd8 32.Rxa6 Rd1 33.Re1 Rxe1 34.Bxe1 Bd3 35.Qxb6 Qxc4 36.Bxd3
Rxd3 37.Ra8+ Kh7 38.Qb1 Nf4 39.Rd8 Qe4 40.f3 Qg6

[Event "2.Bl-West"]
[Site "Schwaz"]
[Date "2004.03.12"]
[Round "9"]
[Board "3"]
[White "Gross, David"]
[Black "Unzicker, Ferdinand"]
[Result "1-0"]
[WhiteElo "2458"]
[BlackElo "2290"]
[PlyCount "107"]

1.e4 e6 2.d4 d5 3.Nc3 Bb4 4.e5 c5 5.a3 Bxc3+ 6.bxc3 Qa5 7.Bd2 Qa4 8.Qg4 Kf8
9.Qd1 b6 10.c4 Ne7 11.dxc5 bxc5 12.Nf3 Nbc6 13.Bd3 dxc4 14.Be2 Nd5 15.O-O h6
16.Be3 Nxe3 17.fxe3 Kg8 18.Qd6 Kh7 19.Qxc5 Ba6 20.Nd4 Nxd4 21.exd4 Qd7 22.c3
Rhc8 23.Qa5 Bb7 24.Rab1 Bd5 25.Bh5 Rf8 26.Bf3 Rfb8 27.Rb4 Rxb4 28.axb4 Rc8
29.Bxd5 exd5 30.h3 Rc6 31.Qb5 Rc7 32.Qxd7 Rxd7 33.Ra1 Kg6 34.Kf2 Kf5 35.Kf3 f6
36.g4+ Kg5 37.e6 Re7 38.Ra5 Rxe6 39.Rxd5+ Kg6 40.Rc5 Re1 41.Rxc4 Rh1 42.Kg2 Rd1
43.Rc7 Kg5 44.Rxg7+ Kf4 45.Rf7 Rd2+ 46.Kf1 Rd3 47.Rxf6+ Ke4 48.Rxh6 Rxc3 49.Kg2
Rb3 50.Ra6 Kf4 51.Rf6+ Ke4 52.Rf7 Kxd4 53.Rxa7 Ke4 54.Rf7

[Event "2.Bl-West"]
[Site "Schwaz"]
[Date "2004.03.12"]
[Round "9"]
[Board "4"]
[White "Hoellrigl, Wilfried"]
[Black "Tabernig, Bernhard"]
[Result "1-0"]
[WhiteElo "2200"]
[BlackElo "2368"]
[PlyCount "85"]

1.e4 e6 2.d4 d5 3.e5 c5 4.c3 Nc6 5.Nf3 Qb6 6.a3 Nh6 7.b4 cxd4 8.cxd4 Nf5 9.Bb2
Be7 10.Bd3 a5 11.Bxf5 exf5 12.Nc3 Be6 13.b5 a4 14.bxc6 Qxb2 15.Nxa4 Rxa4 16.cxb7
Rxa3 17.Rb1 Qc3+ 18.Qd2 Kd7 19.Qxc3 Rxc3 20.Kd2 Rxf3 21.gxf3 Rb8 22.f4 g5 23.Ke3
g4 24.Rhc1 h5 25.Rb5 Bd8 26.Rc3 f6 27.Rc1 fxe5 28.dxe5 h4 29.Kd4 Bc7 30.Rc2 Rg8
31.Rb3 Bb8 32.Ra2 Rg7 33.Ra6 Rg8 34.Rbb6 Re8 35.Rc6 Bg8 36.Rg6 Bf7 37.Rg7 Re7
38.Rxf7 Rxf7 39.e6+ Ke7 40.exf7 Kxf7 41.Ra8 Bxf4 42.b8=Q Bxb8 43.Rxb8

[Event "2.Bl-West"]
[Site "Schwaz"]
[Date "2004.03.12"]
[Round "9"]
[Board "5"]
[White "Kroell, Johannes"]
[Black "Lederwasch, Bernhard"]
[Result "1-0"]
[WhiteElo "2192"]
[BlackElo "2193"]
[PlyCount "67"]

1.Nc3 c5 2.e4 Nc6 3.g3 g6 4.Bg2 Bg7 5.d3 b6 6.Be3 Bb7 7.Qc1 d6 8.h4 h5 9.Nh3 Nh6
10.f3 Qd7 11.Nf4 e6 12.Bh3 Nd4 13.Kf2 Qe7 14.Kg2 Ng8 15.Nd1 Qf6 16.Rf1 Bh6 17.c3
Nc6 18.Qd2 Ne5 19.b3 Ba6 20.Nb2 Kf8 21.Rf2 Rd8 22.a4 Nc6 23.b4 cxb4 24.cxb4 Nd4
25.Qc3 Bg7 26.b5 Bb7 27.Bxd4 Qxd4 28.Qc7 Rc8 29.Qxb7 Ne7 30.Bxe6 Rd8 31.Rc1 Bf6
32.Rc4 g5 33.Rxd4 Bxd4 34.Nd5

[Event "2.Bl-West"]
[Site "Schwaz"]
[Date "2004.03.12"]
[Round "9"]
[Board "1"]
[White "Schmidt, Georg"]
[Black "Dobosz, Henryk"]
[Result "1/2-1/2"]
[WhiteElo "2376"]
[BlackElo "2457"]
[PlyCount "67"]

1.e4 c5 2.Nf3 d6 3.Bb5+ Nd7 4.d4 Ngf6 5.Nc3 a6 6.Bxd7+ Nxd7 7.O-O b6 8.Re1 Bb7
9.Be3 e6 10.d5 e5 11.Bg5 f6 12.Be3 g6 13.a4 Be7 14.Nd2 O-O 15.Nc4 Rf7 16.f4 exf4
17.Bxf4 Qc7 18.Qd3 Ne5 19.Nxe5 fxe5 20.Bh6 Bf8 21.Be3 Bc8 22.Nb1 Bd7 23.Nd2 Qd8
24.b3 h6 25.Nf3 Be8 26.h3 Kh7 27.Rf1 Bg7 28.Nh2 Rxf1+ 29.Rxf1 b5 30.axb5 axb5
31.Ng4 b4 32.Qd2 g5 33.Qd3 Bh5 34.Bd2